| 000 | 00366nam a2200145Ia 4500 | ||
|---|---|---|---|
| 008 | 230917s9999||||xx |||||||||||||| ||und|| | ||
| 040 |
_e63307 _aMAIN |
||
| 041 | _aEnglish | ||
| 082 | _a320.05 M896P | ||
| 100 | _aMukherjee, Subrata, ed | ||
| 245 | 0 | _aPolitical science annual 1993 | |
| 260 |
_aNew Delhi _bDeep & Deep _c1994 |
||
| 300 | _axvi, 406 p. | ||
| 942 | _cBK | ||
| 999 |
_c77888 _d77888 |
||